Archaeology from the earth /

محفوظ في:

المؤلف الرئيسي: Wheeler, Robert Eric Mortimer, Sir, 1890-1976 (مؤلف)

التنسيق: كتاب

اللغة: English

منشور في: Harmondsworth : Penguin Books, 1956.

سلاسل: Pelican books ; A356.

الموضوعات:

الوسوم: إضافة وسم

لا توجد وسوم, كن أول من يضع وسما على هذه التسجيلة!

رقم الطلب: CC75 .W46 1956

LEADER 00808nam a2200265ui 4500
001 636
003 OSt
005 20251023075402.0
008 130303s1956 enka b 000 0 eng d
035 |a rdb04426800 
040 |c ARCE Library 
049 |a EARC 
050 4 |a CC75 .W46 1956 
100 1 |a Wheeler, Robert Eric Mortimer,   |c Sir,   |d 1890-1976,  |e author 
245 1 0 |a Archaeology from the earth /  |c by Mortimer Wheeler. 
264 1 |a Harmondsworth :   |b Penguin Books,   |c 1956. 
300 |a 252 pages :  |b Illustrations ;  |c 18 cm. 
490 1 |a Pelican books ;  |v A356. 
500 |a Originally published: Oxford : Clarendon Press, 1954. 
504 |a Bibliography : page 247. 
650 0 |a Archaeology  |x Methodology. 
830 0 |a Pelican books ;  |v A356. 
901 |a reviewed 
942 |c BK  |2 lcc 
999 |c 2818  |d 2818